Avances en la implementación del plan de acción en biodiversidad del Valle del Cauca : (Registro nro. 5847)
[ vista simple ]
| 000 -CABECERA | |
|---|---|
| Campo de control | 00964nam a2200229 a 4500 |
| 005 - FECHA Y HORA DE LA ULTIMA TRANSACCION | |
| Campo de control | 20180803165318.0 |
| 008 - ELEMENTOS DE LONGITUD FIJA—INFORMACION GENERAL | |
| Campo de control | 160129t2007 ck ao fr|||| 00| 0 spa d |
| 040 ## - FUENTE DE CATALOGACIÓN | |
| Agencia catalogadora original | CO-BoIAVH |
| Agencia transcriptora | CO-BoIAVH |
| 041 0# - IDIOMA | |
| Código de idioma para texto/pista de sonido o título separado | Español |
| 044 ## - PAÍS DE PUBLICACIÓN | |
| País de publicación | Colombia |
| 082 04 - NUMERO DE CLASIFICACION DECIMAL DEWEY | |
| Número de clasificación | 570.0986152 |
| Número del ítem | C82a |
| 110 2# - ASIENTO PRINCIPAL--NOMBRE CORPORATIVO | |
| 9 (RLIN) | 47093 |
| Nombre corporativo o de jurisdicción como elemento de entrada | Corporación Autónoma Regional del Valle del Cauca - CVC |
| 245 10 - MENCION DE TITULO | |
| Título | Avances en la implementación del plan de acción en biodiversidad del Valle del Cauca : |
| Parte restante del título | Agenda de investigación en biodiversidad, Vertebrados amenazados |
| 260 ## - PUBLICACION, DISTRIBUCION, ETC. (PIE DE IMPRENTA) | |
| Lugar de publicación, distribución, etc. | Santiago de Cali: |
| Nombre del editor, distribuidor, etc. | Corporación Autónoma Regional del Valle del Cauca, |
| Fecha de publicación, distribución, etc. | 2007. |
| 300 ## - DESCRIPCION FISICA | |
| Extensión | 66 páginas : |
| Otros detalles físicos | Ilustraciones, fotografías ; |
| Dimensiones | 21 x 14 cm. |
| 650 16 - ASIENTO SECUNDARIO DE MATERIA - TERMINO TEMATICO | |
| Término temático o nombre geográfico como elemento de entrada | Biodiversidad |
| 9 (RLIN) | 92204 |
| 650 26 - ASIENTO SECUNDARIO DE MATERIA - TERMINO TEMATICO | |
| Término temático o nombre geográfico como elemento de entrada | Ecosistemas amenazados |
| 9 (RLIN) | 57138 |
| 662 ## - ASIENTO SECUNDARIO DE MATERIA - JERARQUIA DEL NOMBRE DE LUGAR( | |
| País o entidad mayor | Colombia |
| Jurisdicción política intermedia | Valle del Cauca |
| 700 1# - ASIENTO SECUNDARIO - NOMBRE PERSONAL | |
| Nombre personal | Castillo-Crespo, Luz Stella |
| Término de relación | Editora y compiladora |
| 9 (RLIN) | 3459 |
| 700 1# - ASIENTO SECUNDARIO - NOMBRE PERSONAL | |
| Nombre personal | González Anaya, Maribell |
| Término de relación | Editora y compiladora |
| 9 (RLIN) | 55440 |
| 942 ## - ELEMENTOS ADICIONALES (KOHA) | |
| Tipo de ítem | Libro |
| Sistema de clasificación | Dewey Decimal Classification |
| Withdrawn status | Lost status | Sistema de Clasificación | Damaged status | No para préstamo | Colección | Inventariado | Ubicación Permanente | Ubicación actual | Fecha de adquisición | Fuente de Valor | Valor | Total Checkouts | Número topográfico | Inventario / Código de Barras | Date last seen | Ejemplar | Price effective from | Forma de adquisición | Tipo de material |
|---|---|---|---|---|---|---|---|---|---|---|---|---|---|---|---|---|---|---|---|
| Dewey Decimal Classification | General | Inventariado 2017 | Bogotá | Bogotá | 04/10/2007 | Instituto | 39000.00 | LB-570.0986152 C82a | 025338 | 04/12/2012 | Ej.1 | 04/12/2012 | Libro | ||||||
| Dewey Decimal Classification | General | Inventariado 2017 | Sala Fabio Quevedo | Sala Fabio Quevedo | 02/07/2009 | Instituto | 39000.00 | LB-570.0986152 C82a | 027202 | 04/12/2012 | Ej.2 | 04/12/2012 | Libro |